One-Point Scrabble Tile Words Quiz Stats

 Plays Quiz Updated May 25, 2019

Score 0/20 Timer 03:00
1 Play Today
Hint Answer % Correct
Einstein
92.9%
Easter
91%
Astronauts
85.6%
Tortoise
84.8%
Saturn
82.4%
Intestines
79.8%
Tarantula
77.8%
Anteater
76.5%
Treasure
73.6%
Lantern
72%
Hint Answer % Correct
Satellite
71.6%
Ratatouille
70.2%
Insulation
69.9%
Outline
57%
Stilettos
52%
Rotisserie
48.4%
Utensils
47.4%
Oriole
47.1%
Nautilus
36.8%
Risotto
25.2%

You're not logged in!

Compare scores with friends on all Sporcle quizzes.
OR
Log In

Sporcle TV

Today on Sporcle TV


Watch our educational content, quiz creation guides, and fun videos on Sporcle TV.

Show Comments

Extras

Top Quizzes Today


Score Distribution

Your Account Isn't Verified!

In order to create a playlist on Sporcle, you need to verify the email address you used during registration. Go to your Sporcle Settings to finish the process.

Report this User

Report this user for behavior that violates our Community Guidelines.

Details: